LEADER 01212nam a2200277 u 4500 001 000000005971 003 CaOOAMICUS 005 20201027120207.0 008 941015s1983 sp u000 u spa u 032 $aLibriCat 035 $a10152764 040 $aPUL(R)$bita 041 1 $aspa$hlat 130 0 $aCodex iuris canonici (1983).$lSpagnolo.$0(OLS)http://pul/title/8791 245 10$aCódigo de derecho canónico /$cEdición anotada a cargo de Pedro Lombardía y Juan Ignacio Arrieta. 260 $aPamplona :$bEdiciones Universidada de Navarra,$c1983. 300 $a1149 p. ;$c19 cm 500 $aIn testa al front.: Univ. de Navarra. Instituto Martin de Azpilcueta. 700 1 $aLombardía, Pedro.$0(OLS)http://pul/name/3664 700 1 $aArrieta, Juan Ignacio,$cvescovo di Civitate,$d1951-$0(OLS)http://pul/name/26586 850 $aPUL 852 $aPUL$W1$xSL Diritto Canonico 3$y77$m262. 99 CAN.4 9$j8485$nBK-PRI$b $qDDC 21$B8485$CPULBib$Z2$F8485 $H51886 $82 941 1 $a9 996 $6245$aCódigo de derecho canónico$9(OLS)http://pul/title/8792 996 $6260$aPamplona :$bEdiciones Universidada de Navarra$9(OLS)http://pul/publisher/51088 LEADER 01272nam a2200313 a 4500 001 000000172693 003 CaOOAMICUS 005 20190927174559.0 008 190927s2018 it 001 u ita r 020 $a978-88-11-67646-1* 032 $aLibriCat 040 $aPUL$bita 082 04$a193 100 1 $aDe Monticelli, Roberta,$d1952-$0(OLS)http://pul/name/52655 245 13$aIl dono dei vincoli : $bper leggere Husserl /$cRoberta De Monticelli. 260 $aMilano :$bGarzanti,$c2018. 300 $a259 p. ;$c20 cm. 490 1 $aGlli Elefanti. Saggi 504 $aBibliografia in nota a piè pagina e alle p. 231-251. 600 14$aHusserl, Edmund,$d1859-1938$xFenomenologia.$0(OLS)http://pul/subject/36866 830 4$aGli elefanti.$pSaggi.$0(OLS)http://pul/title/77077 850 $aPUL 852 $aPUL$W1$xSL Filosofia 3$y81$m193 DEMRO 1$j196638$qDDC 21$B201412$CPULBib$Z2$F201412 $H133525 $81 941 1 $a9 996 $6020$a978-88-11-67646-1*$9(OLS)http://pul/number/166751 996 $6082$a193$9(OLS)http://pul/classification/412 996 $6245$aIl dono dei vincoli : $bper leggere Husserl$9(OLS)http://pul/title/213686 996 $6260$aMilano :$bGarzanti$9(OLS)http://pul/publisher/49146